| 000 | 00443nam a2200157Ia 4500 | ||
|---|---|---|---|
| 008 | 210716s2010 xx 000 0 und d | ||
| 020 | _a9780070145962 | ||
| 041 | _aeng | ||
| 082 | _a005.73 JOSB | ||
| 100 | _aJoshi, Brijendra Kumar. | ||
| 245 | _aData structures and algorithms in c. | ||
| 250 | _a1 | ||
| 260 |
_aNew Delhi _bTata McGraw Hill Publishing Company Ltd _c2010 |
||
| 300 | _axviii,312 | ||
| 650 | _aData Structures & Algorithms | ||
| 999 |
_c193395 _d193395 |
||